بہا ر کے پہلے و ز ير ا علا :شر ی کر شن سنہا سيا سی ا و ر سما جی خد ما ت (Record no. 180997)

MARC details
000 -LEADER
fixed length control field 00741nam a22001937a 4500
005 - DATE AND TIME OF LATEST TRANSACTION
control field 20210825115903.0
010 ## - LCCN (DPL NO)
LC control number UR-11208
020 ## - INTERNATIONAL STANDARD BOOK NUMBER
Terms of availability 350.00
International Standard Book Number 9789387884786
035 ## - SYSTEM CONTROL NUMBER
System control number U-9763
037 ## - SOURCE OF ACQUISITION
Source of stock number/acquisition DBAD/PUB
082 ## - DEWEY DECIMAL CLASSIFICATION NUMBER
Classification number 920
100 ## - MAIN ENTRY--PERSONAL NAME
Personal name صفد را ما م قا د ر ی
245 ## - TITLE STATEMENT
Title بہا ر کے پہلے و ز ير ا علا :شر ی کر شن سنہا سيا سی ا و ر سما جی خد ما ت
Statement of responsibility, etc صفد را ما م قا د ر ی
246 ## - VARYING FORM OF TITLE
Title proper/short title Bihar ke Pahle Wazir-e-AalaShri Krishna Sinha(Urdu)
Remainder of title by Safdar imam Quadri
260 ## - PUBLICATION, DISTRIBUTION, ETC. (IMPRINT)
Place of publication, distribution, etc Delhi
Date of publication, distribution, etc 2019ء
Name of publisher, distributor, etc Creatyve Star Publications
270 ## - ADDRESS
Address Jamia Nagar,
City New Delhi
Postal code 25
Fax number 8851148278
300 ## - PHYSICAL DESCRIPTION
Extent 272 ص
Dimensions 22 Cm(Hb)
942 ## - ADDED ENTRY ELEMENTS (KOHA)
Source of classification or shelving scheme Dewey Decimal Classification
Item type Urdu Bks
Classification part 920
Call number suffix ش ر ی
Holdings
Withdrawn status Lost status Not for loan Collection code Home library Current library Date acquired Source of acquisition Cost, normal purchase price Full call number Barcode Copy number Cost, replacement price Koha item type
      Non-fiction Central Library Central Library 25/08/2021 DBAD/PUB 350.00 920 ش ر ی U-9763 1 350.00 Urdu Bks

© Delhi Public Library
Hit Counter
free hit counter